logo

PEQUEÑA HISTORIA DE LOS TURRONES Y LOS BARQUILLOS(T.7 N.27 R. H.VIDA (Registro nro. 56541)

Detalles MARC
000 -CABECERA
campo de control de longitud fija 00466nam a2200169Ia 4500
001 - NÚMERO DE CONTROL
campo de control 22280
005 - FECHA Y HORA DE LA ÚLTIMA TRANSACCIÓN
campo de control 20260407085009.0
008 - CÓDIGOS DE INFORMACIÓN DE LONGITUD FIJA
campo de control de longitud fija 260115s9999 xx 000 0 und d
035 ## - NÚMERO DE CONTROL DEL SISTEMA
Número de control de sistema 7870
090 ## - LOCALMENTE ASIGNADO TIPO-LC NÚMERO DE CLASIFICACIÓN (OCLC); NÚMERO DE CLASIFICACIÓN LOCAL (RLIN)
Número de clasificación (OCLC) (R) ; Numero de clasificación CALL (RLIN) (NR) 398.416
100 ## - PUNTO DE ACCESO PRINCIPAL - NOMBRE DE PERSONA
Nombre de persona LUJAN NESTOR
245 #0 - MENCIÓN DE TÍTULO
Título PEQUEÑA HISTORIA DE LOS TURRONES Y LOS BARQUILLOS(T.7 N.27 R. H.VIDA
260 ## - PUBLICACIÓN, DISTRIBUCIÓN, ETC. (PIE DE IMPRENTA)
Lugar de publicación distribución etc. BARCELONA
Nombre del editor distribuidor etc. HISTORIA Y VIDA
Fecha de publicación distribución etc. 1982
630 ## - PUNTO DE ACCESO ADICIONAL DE MATERIA--TÍTULO UNIFORME
Título uniforme ETNOLOGIA
650 ## - PUNTO DE ACCESO ADICIONAL DE MATERIA--TÉRMINO DE MATERIA
Término de materia o nombre geográfico como elemento inicial FOLKLORE NAVIDAD DIVERSIONES DE SOCIEDAD
942 ## - ELEMENTOS DE PUNTO DE ACCESO ADICIONAL (KOHA)
Tipo de ítem Koha Monografías
Existencias
Estado de retiro Estado de pérdida Estado dañado No para préstamo Código de colección Localización permanente Ubicación/localización actual Ubicación en estantería Fecha de adquisición Enumeración/cronología de publicación seriada Número de inventario Número de registro Total de préstamos Signatura topográfica completa Código de barras Fecha visto por última vez Número de copia Precio válido a partir de Tipo de ítem Koha
          Servicio de Estudios Históricos Servicio de Estudios Históricos   16/12/1991 398.416 19286 19286   7870 FH_22280 05/02/2026 1 05/02/2026 Monografías